000 01053nac a22002897a 4500
001 BR8106040
003 BR-BrBNA
005 20240105115056.0
008 230509b bl.|||m| |||| 00| 0 por d
040 _aBR-BrBNA
_bpor
_cBiblioteca Nacional de Agricultura
072 _aH00; F00
090 _aH00 BR8106040
110 1 _aSecretaria de Estado da Agricultura, Curitiba, PR (Brasil). Depto. de Fiscalizacao. Coordenadoria de Defesa Sanitaria Vegetal
_98823
245 1 _aProgramacao tecnica da Coordenadoria de Defesa Sanitaria Vegetal para 1981 [Parana, Brasil]
260 3 _aCuritiba, PR (Brasil):
_c1981.
300 _a87 p.
490 _aProgramacao Tecnica - Secretaria de Estado da Agricultura. Depto. de Fiscalizacao. Coordenadoria de Defesa Sanitaria Vegetal (Brazil)
_v
_x
500 _aNumerical data
650 _aDEFESA VEGETAL
650 _aINSPECAO SANITARIA
650 _aDEFENSIVO
650 _aSEMENTE
650 _aMUDA
650 _aPARANA
909 _a202312
_bLúcia Elande
_c55
_dLúcia Elande
942 _2AGRIS
_n0
_cMS
999 _c272912
_d272912